000
00485nam a2200181Ia 4500
008
090124s9999 xx 000 0 und d
082
_b
113281
100
_a
दास मनोज
245
_a
सुरस कहाण्या
250
_a
1
260
_c
1970
300
_a
64
600
_a
दास मनोज
630
_a
सुरस कहाण्या
700
_a
दास मनोज
730
_a
सुरस कहाण्या
942
_c
BOOK
999
_c
159372
_d
159372